Statistiques concernant Trouver le personnage de jeux vidéo (par rapport à l'indice)

Cliquez ici pour prendre le quiz!

Statistiques générales

  • Ce quiz a été pris 1 575 fois
  • Le résultat moyen est 13 sur 17

Statistiques - réponses

IndicePersonnage% Correct
Moustachu avec une casquette rougeMario
95%
Bandicoot rouxCrash Bandicoot
92%
Singe avec une cravateDonkey Kong
92%
Hérisson bleu ultra rapideSonic the Hedgehog
92%
Boule rose qui avale toutKirby
89%
Archéologue avanturière. Angelina JolieLara Croft
89%
Boule jaune chassée par des fantômesPAC-MAN
88%
Souris jaune électriquePikachu
85%
Dinosaure vert qui porte des chaussures. Il avale ses ennemis et les pond en oeufYoshi
85%
Héros blond habillé en vertLink
82%
Renard de l'espaceFox McCloud
64%
Il a des mains mais pas de bras et des pieds mais pas de jambesRayman
64%
Agent secret spécialisé dans les missions d'infiltration. Porte une tenue militaire et un bandanaSolid Snake
61%
Explorateur avanturier. UnchartedNathan Drake
59%
Chasseuse de primes portant une armure intégraleSamus Aran
57%
Capitaine des PikminOlimar
44%
Androïde avec une combinaison bleue.Mega Man
43%

Distribution des résultats

Percentile par nombre de réponses

% des personnes avec chaque résultat

Votre développement - résultats

Vous n’avez pas pris ce quiz